Catálogo Biblioteca Central

La construcción del derecho humano a un medio ambiente limpio, saludable y sostenible en la jurisprudencia del Tribunal Europeo de Derechos Humanos y de la Corte Interamericana de Derechos Humanos (Registro nro. 232805)

Detalles MARC
000 -CABECERA
campo de control de longitud fija 01031naa a22002297i 4500
001 - NÚMERO DE CONTROL
campo de control 232805
003 - IDENTIFICADOR DEL NÚMERO DE CONTROL
campo de control ES-MaBCM
005 - FECHA Y HORA DE LA ÚLTIMA TRANSACCIÓN
campo de control 20260406123958.0
008 - CÓDIGOS DE INFORMACIÓN DE LONGITUD FIJA
campo de control de longitud fija 260406s2026 sp ||||| |||| 00| 0 spa d
040 ## - FUENTE DE LA CATALOGACIÓN
Centro transcriptor ES-MaBCM
100 1# - PUNTO DE ACCESO PRINCIPAL - NOMBRE DE PERSONA
Nombre de persona Cairós Barreto, Dulce María
9 (RLIN) 7425
245 13 - MENCIÓN DE TÍTULO
Título La construcción del derecho humano a un medio ambiente limpio, saludable y sostenible en la jurisprudencia del Tribunal Europeo de Derechos Humanos y de la Corte Interamericana de Derechos Humanos
Mención de responsabilidad etc. Dulce María Cairós Barreto
504 ## - NOTA DE BIBLIOGRAFÍA, ETC.
Nota de bibliografía etc. Incluye referencias bibliográficas
610 27 - PUNTO DE ACCESO ADICIONAL DE MATERIA--NOMBRE DE ENTIDAD CORPORATIVA
Nombre de entidad corporativa o nombre de jurisdicción como elemento inicial Tribunal Europeo de Derechos Humanos
9 (RLIN) 52880
610 27 - PUNTO DE ACCESO ADICIONAL DE MATERIA--NOMBRE DE ENTIDAD CORPORATIVA
Nombre de entidad corporativa o nombre de jurisdicción como elemento inicial Corte Interamericana de Derechos Humanos
9 (RLIN) 51099
650 #7 - PUNTO DE ACCESO ADICIONAL DE MATERIA--TÉRMINO DE MATERIA
Término de materia o nombre geográfico como elemento inicial Derechos humanos
9 (RLIN) 58362
650 #7 - PUNTO DE ACCESO ADICIONAL DE MATERIA--TÉRMINO DE MATERIA
Término de materia o nombre geográfico como elemento inicial Calidad de la vida
9 (RLIN) 57797
650 #7 - PUNTO DE ACCESO ADICIONAL DE MATERIA--TÉRMINO DE MATERIA
Término de materia o nombre geográfico como elemento inicial Protección del medio ambiente
9 (RLIN) 59954
655 #4 - TÉRMINO DE INDIZACIÓN--GÉNERO/FORMA
Datos o término principal de género/forma Jurisprudencia
9 (RLIN) 115565
773 0# - ENLACE AL DOCUMENTO FUENTE
Lugar editor y fecha de publicación Las Rozas, Madrid
Parte(s) relacionada(s) N. 134 (marzo 2026) - Loc. En línea
Título Trabajo y Derecho : nueva revista de actualidad y relaciones laborales
Número de control del registro relacionado 198687
942 ## - ELEMENTOS DE PUNTO DE ACCESO ADICIONAL (KOHA)
Fuente del sistema de clasificación o colocación Universal Decimal Classification
Tipo de ítem Koha Artículos de revistas
Existencias
Estado de retiro Estado de pérdida Fuente del sistema de clasificación o colocación Estado dañado No para préstamo Localización permanente Ubicación/localización actual Ubicación en estantería Fecha de adquisición Total de préstamos Fecha visto por última vez Precio válido a partir de Tipo de ítem Koha
    Universal Decimal Classification     Biblioteca Central del Ministerio de la Presidencia Biblioteca Central del Ministerio de la Presidencia Sala 06/04/2026   06/04/2026 06/04/2026 Artículos de revistas